|
|
|
|
| LEADER |
00000nab a2200000 ar4500 |
| 001 |
vtls010024660 |
| 003 |
SK-MaSNL |
| 005 |
20260318124222.0 |
| 008 |
091125c20091105xo |||||||| 000 b|hun |
| 015 |
|
|
|a SNBRB2009/11
|2 snkbucl
|
| 038 |
|
|
|a SNKBUCL
|
| 040 |
|
|
|a DSZK
|b slo
|c DSZK
|e AACR2
|
| 041 |
0 |
|
|a hun
|
| 044 |
|
|
|a xo
|c SK
|
| 080 |
|
|
|a 371.66/.69
|2 2001
|
| 100 |
1 |
|
|a Geri, Valéria
|4 aut
|9 1400236
|
| 245 |
1 |
0 |
|a Mire használjunk interaktív táblát a tanórákon?
|b módszertani délelőtt a köbölkúti alapiskolában
|c Geri Valéria
|
| 300 |
|
|
|b Fotogr.
|
| 650 |
0 |
7 |
|a učebné pomôcky
|2 SNKPH
|9 13833
|
| 650 |
0 |
7 |
|a didaktická technika
|2 SNKPH
|9 67672
|
| 650 |
0 |
7 |
|a interaktívne tabule
|2 snkbucl
|9 118509
|
| 773 |
0 |
|
|t Új szó
|g Évf. 62, sz. 256 (5.11.2009), o. 12
|x 1335-7050
|
| 773 |
0 |
8 |
|i Mell.:
|t Iskola utca
|g Évf. 6, sz. 36 (2009)
|
| 852 |
|
|
|a SNK
|b KIS3GCP
|
| 852 |
|
|
|a DSZK
|b KIS3GCP
|
| 958 |
|
|
|a HU
|
| 958 |
|
|
|a SK
|
| 999 |
|
|
|c 2846786
|d 2848716
|